Pays les plus proches du Tadjikistan - une minute sprint - Statistiques

Statistiques générales
  • Ce quiz a été pris 107 fois
  • Le résultat moyen est 15 sur 20
Statistiques - réponses
km pays % Correct
16 Pakistan
96%
59 Kazakhstan
94%
593 Iran
91%
1273 Russie
91%
277 Inde
90%
0 Ouzbékistan
90%
110 Turkménistan
90%
0 Afghanistan
87%
0 Kirghizistan
87%
1933 Irak
83%
0 Chine
82%
1529 Mongolie
73%
965 Népal
71%
1453 Azerbaïdjan
66%
1761 Géorgie
61%
1784 Arménie
60%
1707 Bhoutan
60%
1737 Bangladesh
48%
1649 Émirats arabes unis
18%
1601 Oman
18%
Aucun quiz correspondant
Distribution des résultats
% des personnes avec chaque résultat
Percentile par nombre de réponses
Votre historique - résultats
Vous n’avez pas pris ce quiz